| 000 | 00000nam##2200000za#4500 |
| 001 | 9.612716 |
| 003 | CaOODSP |
| 005 | 20200706133858 |
| 007 | ta |
| 008 | 150406|1995||||xxc||||| f|0| 0 eng|d |
| 020 | |a0-660-15585-0 |
| 022 | |a1200-5223 |
| 040 | |aCaOODSP|beng |
| 043 | |an-cn--- |
| 086 | 1 |aCS11-0019/83E |
| 245 | 00|aAlternative measures of the average duration of unemployment / |cby Miles Corak and Andrew Heisz. |
| 260 | |aOttawa - Ontario : |bStatistics Canada. |c1995. |
| 300 | |a20p. : |bgraphs, references, tables ; |c28 cm. |
| 490 | 1 |aResearch paper series|x1200-5223|vNo. 83 |
| 500 | |a"This paper examines the robustness of a measure of the average complete duration of unemployment in Canada to a host of assumptions used in its derivation."--Abstract. |
| 520 | 3 |aThis paper examines the robustness of a measure of the average complete duration of unemployment in Canada to a host of assumptions used in its derivation.--Abstract |
| 563 | |aSoftcover |
| 590 | |a95-52|b1995-12-29 |
| 690 | 07|aUnemployment|2gcpds |
| 710 | 2 |aStatistics Canada. |bAnalytical Studies Branch. |
| 720 | 1 |aCorak, Miles |
| 720 | 1 |aHeisz, Andrew |
| 775 | 08|tMesures alternatives de la durée moyenne du chômage / |w(CaOODSP)9.623611 |
| 776 | 0#|tAlternative measures of the average duration of unemployment / |w(CaOODSP)9.574576 |
| 830 | #0|aResearch paper series,|x1200-5223|vNo. 83|w(CaOODSP)9.514463 |